00681nam a2200229Ia 450000100060000000300090000600800410001504000130005604000130006904100130008210000200009510000290011524500650014424500540020925000110026326000120027426000130028626000490029930000560034865000160040465000310042035152IT-RoPAU130308s9999 xx 000 0 und d aIT-RoPAU cIT-RoPAU aITALIANO aGiacomini Bruna gCodice Aut. SPICS: 16696 aLinguistica e scienze umane : Leonard Bloomfield (1887-1949) bScienza del Linguaggio e Linguaggio della Scienza a2a ed. aVENEZIA bMarsilio c1980 [1° Ed.:1970 - Ed.Ling.Originale:1970] a"48 p. (prefazione: no ; testo: 48 [pagine: 7-54])" aLINGUISTICA eCodice materia Spics: 3201